| 000 | 00000nam 2200000za 4500 |
| 001 | 9.674450 |
| 003 | CaOODSP |
| 005 | 20250116102339 |
| 007 | cr ||||||||||| |
| 008 | 150407|2005||||xxc|||||o f|0| 0 spa d |
| 020 | |a0-662-02834-1 |
| 040 | |aCaOODSP|bfre |
| 043 | |an-cn--- |
| 086 | 1 |aA22-401/2005Spa-PDF|zA22-401/2005Sp-PDF |
| 110 | 1 |aCanada. |bAgriculture et agroalimentaire Canada. |bService d'exportation agroalimentaire. |
| 245 | 10|aCanada - l'excellence à votre table |h[ressource électronique] |
| 246 | 1 |aCanada - la excelencia en su mesa |
| 250 | |a[Édition espagnol]. |
| 260 | |aOttawa - Ontario : |bAgriculture et Agroalimentaire Canada. |c[2005]. |
| 300 | |a133p.|bphotographies |
| 500 | |aAussi publié en français sous le titre : Canada - l'excellence à votre table. |
| 546 | |aTexte en espagnol. |
| 590 | |a07-32|b2007-08-10 |
| 691 | 07|aArt culinaire|2gcpds |
| 775 | 08|tCanada - l'excellence à votre table |w(CaOODSP)9.632192 |
| 791 | |tCanada - excellence at your table |eeng|w(CaOODSP)9.674449 |
| 856 | 40|ahttp://publications.gc.ca|qPDF|s9168 Ko|uhttps://publications.gc.ca/collections/collection_2007/agr/A22-401-2005Sp.pdf |